000 00677nam a2200229 i 4500
001 12598
003 ES-MaACL
005 20230906150345.0
007 t|
008 970812s1997 sp ||||1| spa d
020 _a84-7695-284-8
080 _a343.1(460)
245 0 3 _aEl proceso penal práctico
_b: comentarios, jurisprudencia, formularios /
_cJuan Piqué Vidal... [et al.].
250 _a3ª ed.
260 _aMadrid :
_bLa Ley,
_c1997.
300 _aXXXI, 1355 p. ;
_c25 cm.
500 _aBibliografía.
500 _aIndices.
650 1 4 _aProcedimiento penal-
_zEspaña.
_916429
700 1 _aPiqué Vidal, Juan.
_992320
852 _aES-MaACL
_jL-19841
_bR.126054
999 _c12598
_d12598